| 000 | 00512nam a2200169Ia 4500 | ||
|---|---|---|---|
| 008 | 090201s9999 xx 000 0 und d | ||
| 010 | _aKPL-28862 | ||
| 040 | _bमराठी | ||
| 041 | _aमराठी | ||
| 082 |
_a30983 _b28862 |
||
| 100 | _aविशाखा पुरंदरे | ||
| 245 |
_aध्यास _cविशाखा पुरंदरे |
||
| 260 |
_c2004 _bऋतुराज प्रकाशन |
||
| 300 |
_a154 _bमोठा |
||
| 600 | _aध्यास | ||
| 942 | _cBOOK | ||
| 999 |
_c229481 _d229481 |
||